Vista normal Vista MARC

Entrada Materia (reunión)

Número de registros utilizados en: 1

001 - CONTROL NUMBER

  • control field: 71240

003 - CONTROL NUMBER IDENTIFIER

  • control field: Co-BoUCM

005 - DATE AND TIME OF LATEST TRANSACTION

  • control field: 20150902102645.0

008 - FIXED-LENGTH DATA ELEMENTS

  • fixed length control field: 150902|| aca||aabn | a|a d

040 ## - CATALOGING SOURCE

  • Original cataloging agency: Co-BoUCM
  • Transcribing agency: Co-BoUCM

111 ## - HEADING--MEETING NAME

  • Meeting name or jurisdiction name as entry element: Encuentro Internacional "El Plan de Transformación de la Educación Superior para América Latina y el Caribe, un Desafío para Colombia"
  • Date of meeting: (1998 :
  • Location of meeting: Bogotá, Colombia)

670 ## - SOURCE DATA FOUND

  • Source citation: Work cat.: (Co-BoUCM)31705: Encuentro Internacional "El Plan de Transformación de la Educación Superior para América Latina y el Caribe, un Desafío para Colombia" (1998 : Bogotá, Colombia), De la Universidad a los sistemas Universitarios, 1998